WSA ABSTRACTS (Record no. 9627)
[ view plain ]
| 000 -LEADER | |
|---|---|
| fixed length control field | 00250nam a22001217a 4500 |
| 008 - FIXED-LENGTH DATA ELEMENTS--GENERAL INFORMATION | |
| fixed length control field | 170404b xxu||||| |||| 00| 0 eng d |
| 041 ## - LANGUAGE CODE | |
| Language code of text/sound track or separate title | eng |
| 080 ## - UNIVERSAL DECIMAL CLASSIFICATION NUMBER | |
| Universal Decimal Classification number | 574 |
| 100 ## - Rafti | |
| Rafti | 9 |
| 101 ## - Shkurtesa | |
| Shkurtesa | SHM |
| 245 ## - TITLE STATEMENT | |
| Title | WSA ABSTRACTS |
| Statement of responsibility, etc | WILENT.J.W |
| 942 ## - ADDED ENTRY ELEMENTS (KOHA) | |
| Source of classification or shelving scheme | |
| Item type | Books |
| Withdrawn status | Lost status | Source of classification or shelving scheme | Damaged status | Not for loan | Collection code | Permanent location | Current location | Shelving location | Date acquired | Total Checkouts | Full call number | Barcode | Date last seen | Price effective from | Koha item type |
|---|---|---|---|---|---|---|---|---|---|---|---|---|---|---|---|
| Koleksioni i përgjithshem | UBT - Lipjan | UBT - Lipjan | Koleksioni i përgjithshem | 04/04/2017 | 574 WIL | 004-000002110 | 04/04/2017 | 04/04/2017 | Books | ||||||
| Koleksioni i përgjithshem | UBT - Lipjan | UBT - Lipjan | Koleksioni i përgjithshem | 04/04/2017 | 574 WIL | 004-000002106 | 04/04/2017 | 04/04/2017 | Books | ||||||
| Koleksioni i përgjithshem | UBT - Lipjan | UBT - Lipjan | Koleksioni i përgjithshem | 04/04/2017 | 574 WIL | 004-00000205 | 04/04/2017 | 04/04/2017 | Books |